Přítulná svízel

Bibliographic Details
Main Author: Hule, Miroslav (Author)
Format: Book
Language:Undetermined
PhysicalDescription:100 s.
Published: Praha Mladá fronta 1988

MARC

LEADER 00000nam a2200000 a 4500
001 vtls001364355
003 SK-MaSNL
005 20260301221921.0
008 240315s1988 xx 0 und
035 |a SNK000317995 
040 |a SNK  |b slo  |c SNK  |e AACR2 
100 1 |a Hule, Miroslav  |4 aut  |9 348436 
245 1 |a Přítulná svízel 
260 |a Praha  |b Mladá fronta  |c 1988 
300 |a 100 s. 
958 |a OND 
999 |c 937921  |d 939851 
952 |t P60, <05>, [BOOK], {605}  |a SNK  |b SNK  |y PREZ  |7 0  |p 17A0195409  |o snkID 88318 D1  |0 0  |1 1  |4 0  |d 1999-05-27  |l 0  |r 2005-01-02 00:00:00  |w 2026-02-24